000 01587 a2200205 4500
001 45433
005 20260407155726.0
008 260407a1992 arg spa d
003 AR-UNSa-BCEJYS
040 _aAR-UNSa-BCEJYS
_bspa
_cAR-UNSa-BCEJYS
080 _a349.2
_xDerecho del Trabajo
245 1 0 _aElementos del derecho del trabajo y de la seguridad social
250 _a3a. ed
264 1 _aBuenos Aires :
_bAstrea
_c1992
300 _axxxix, 781 p.
_c20 cm.
505 _aParte I : Parte general : 1. Evolución del trabajo dirigido – 2. Introducción al derecho del trabajo – 3. Ámbitos del derecho del trabajo - - Parte II : Derecho individual del trabajo : 4. Contrato de trabajo. Elementos – 5. Derechos y obligaciones de las partes – 6. Modalidades del contrato de trabajo - 7. Remuneración – 8. Régimen legal del descanso – 9. Régimen de trabajo de mujeres y menores – 10. Suspensión de ciertos efectos del contrato de trabajo – 11. Transferencia del contrato de trabajo – 12. Extinción del contrato de trabajo – 13. Prescripción y caducidad - - Parte III : Derecho colectivo del trabajo : 14. Introducción – 15. Régimen legal de las asociaciones gremiales de trabajadores – 16. Negociación colectiva – 17. Régimen legal de convenios colectivos en la Argentina – 18. Conflictos colectivos de trabajo – 19. Medidas de acción directa - - Parte IV : Derecho de la seguridad social : 20. Parte general – 21. Parte especial.
942 _cBK
590 _aniveau_biblio:m niveau_hierar:0
100 1 _aMartínez Vivot, Julio José
999 _c3924
_d3924